000 00487nam a2200181Ia 4500
005 20250508160052.0
008 008 250505s9999 xx 000 0 eng d
037 _aTextual
040 _aFEDL
_beng
_cFEDL
041 _aeng
_2eng
084 _a822, HUG
_qFEDL
100 _aHughes Glenn
_9156228
245 0 _aUniversity of Washington plays
260 _aNew York, USA
_bSamuel French
_c1927
300 _a163p.
942 _cTEXL
_h822, HUG
999 _c1361491
_d1361491